Culture Générale - Série 2714 - Statistiques

Statistiques générales
  • Ce quiz a été pris 67 fois
  • Le résultat moyen est 5 sur 10
Statistiques - réponses
Question Réponse % Correct
Quel canal relie la mer Méditerranée à la mer Rouge ? Suez
88%
Quel canal relie l'Atlantique et le Pacifique ? Panama
86%
En quelle année le Titanic a-t-il coulé ? 1912
81%
Quel est l’ancien nom du Burkina Faso ? Haute Volta
52%
Dans quel état des Etats Unis est situé le Denali - point culminant de l'Amérique du Nord- anciennement McKinley ? Alaska
47%
En 1796, le médecin anglais Edward Jenner découvre le vaccin contre la .... variole
47%
Sous quel nom de scène connaissait-on mieux Monique Serf (1930-1997) ? voir photo Barbara
45%
Quel est l’ancien nom du Bénin ? Dahomey
29%
L'’unique roman du poète russe Boris Pasternak publié en 1957 et incarné par Omar Sharif à l’écran s'appelle " le ____ ____ Docteur Jivago
28%
« Quand on mettra les cons sur orbite t’as pas fini de tourner » est une réplique du film… le pacha
19%
Aucun quiz correspondant
Distribution des résultats
% des personnes avec chaque résultat
Percentile par nombre de réponses
Votre historique - résultats
Vous n’avez pas pris ce quiz